La guerra y la paz / (Registro nro. 8481)
[ vista simple ]
| 000 -LIDER | |
|---|---|
| fixed length control field | 00639nam a22002297a 4500 |
| 001 - NÚMERO DE CONTROL | |
| Identificador de número de control | 0074 |
| 003 - IDENTIFICACDOR DE NÚMERO DE CONTROL | |
| control field | DO-SdBNP |
| 005 - DATE AND TIME OF LATEST TRANSACTION | |
| control field | 20180125130258.0 |
| 007 - CAMPOS FIJOS DE DESCRIPCIÓN FÍSICA | |
| fixed length control field | 0074 |
| 008 - ELEMENTOS DE LONGITUD FIJA | |
| fixed length control field | 151027b pe 2011 xxu||||| |||| 00| 0 spa d |
| 020 ## - ISBN | |
| International Standard Book Number | 9786124103124 |
| 040 ## - FUENTE DE CATALOGACIÓN | |
| Agencia que crea de manera original el registro | BPMSU |
| Idioma de catalogación | spa |
| Agencia que realiza la transcripción | BPMSU |
| 092 ## - LOCALLY ASSIGNED DEWEY DECIMAL CALL NUMBER | |
| Número de clasificación | xxxxxxx |
| Número de ítem (Cutter) | xxxxxxx |
| 100 10 - ASIENTO PRINCIPAL -- NOMBRE PERSONAL | |
| Nombre personal | Tolstoi, León |
| 245 13 - MENCIÓN DE TITULO | |
| Título | La guerra y la paz / |
| Mención de responsabilidad | León Tolstoi ; ilustración Gerson Jara Morales |
| 260 ## - PUBLICACIÓN, DISTRIBUCIÓN, ETC. (PIE DE IMPRENTA) | |
| Lugar de publicación, distribución, etc | Lima, Perú : |
| Nombre del editor, distribuidor, etc. | Educativa, |
| Fecha de publicación, distribución, etc | 2011. |
| 300 ## - DESCRIPCIÓN FÍSICA | |
| Extensión | 103 p. : |
| Otros detalles físicos | il., |
| Dimensiones | 19 cm. |
| 700 10 - ASIENTO SECUNDARIO -- NOMBRE PERSONAL | |
| Nombre personal | Jara Morales, Gerson, |
| Mención de responsabilidad | il. |
| 942 ## - ADDED ENTRY ELEMENTS (KOHA) | |
| Source of classification or shelving scheme | Dewey Decimal Classification |
| Koha item type | Libros |
| 945 ## - INFORMACIÓN DE PROCESAMIENTO LOCAL | |
| Información de procesamiento local | inventariado, 2018 / dg |
| 956 ## - LOCAL ELECTRONIC LOCATION AND ACCESS (OCLC) | |
| Nombre de host | Brenda Tavárez |
| Withdrawn status | Lost status | Source of classification or shelving scheme | Damaged status | Not for loan | Home library | Current library | Date acquired | Source of acquisition | Total Checkouts | Barcode | Date last seen | Price effective from | Koha item type | Copy number |
|---|---|---|---|---|---|---|---|---|---|---|---|---|---|---|
| Dewey Decimal Classification | Biblioteca Pública Metropolitana Salomé Ureña | Biblioteca Pública Metropolitana Salomé Ureña | 10/27/2015 | Compra | BPMSU15100206 | 10/27/2015 | 10/27/2015 | Libros | ||||||
| Dewey Decimal Classification | Biblioteca Pública Metropolitana Salomé Ureña | Biblioteca Pública Metropolitana Salomé Ureña | 10/27/2015 | Compra | BPMSU15100207 | 10/27/2015 | 10/27/2015 | Libros | e. 2 | |||||
| Dewey Decimal Classification | Biblioteca Pública Metropolitana Salomé Ureña | Biblioteca Pública Metropolitana Salomé Ureña | 10/27/2015 | Compra | BPMSU15100208 | 10/27/2015 | 10/27/2015 | Libros | e. 3 |